00246 a2200121 4500001000700000020001800007040001100025100002000036240002800056245002300084300000800107362000900115182542 a85-86020-97-4 cMagnum aNabuco, Joaquim10aMinha formaçãolpor10aMinha formação a2540 a1999